书目信息 |
| 题名: |
新编常见病护理技术
|
|
| 作者: | 崔西美 主编 | |
| 分册: | ||
| 出版信息: | 上海 上海交通大学出版社 2018 |
|
| 页数: | 628页 | |
| 开本: | 29cm | |
| 丛书名: | ||
| 单 册: | ||
| 中图分类: | R47 | |
| 科图分类: | ||
| 主题词: | 常见病--护理学 | |
| 电子资源: | ||
| ISBN: | 978-7-313-19111-3 | |
| 000 | 00577nam0 2200205 450 | |
| 001 | 1311 | |
| 005 | 20180928081116.49 | |
| 010 | @a978-7-313-19111-3@dCNY198.00 | |
| 100 | @a20180819d2018 em y0chiy50 ea | |
| 101 | 0 | @achi |
| 102 | @aCN@b310000 | |
| 105 | @ay z 000yy | |
| 200 | 1 | @a新编常见病护理技术@9xin bian chang jian bing hu li ji shu@f崔西美等主编 |
| 210 | @a上海@c上海交通大学出版社@d2018 | |
| 215 | @a628页@d29cm | |
| 606 | 0 | @a常见病@x护理学 |
| 690 | @aR47@v5 | |
| 701 | 0 | @a崔西美@9cui xi mei@4主编 |
| 801 | 0 | @aCN@b91MARC@c20180819 |
| 905 | @aMuseLib@dR47@e123 | |
| 新编常见病护理技术/崔西美等主编.-上海:上海交通大学出版社,2018 |
| 628页;29cm |
| ISBN 978-7-313-19111-3:CNY198.00 |
| ● |
| 相关链接 |
|
|
|
|
正题名:新编常见病护理技术
索取号:R47/123
 
预约/预借
| 序号 | 登录号 | 条形码 | 馆藏地/架位号 | 状态 | 备注 |
| 1 | 1122097 | 211220971 | 第二样本阅览室/ [索取号:R47/123] | 在馆 | |
| 2 | 1122098 | 211220980 | 密集书库-生命科学系/ [索取号:R47/123] | 在馆 |